[Event "POL-chT 2nd League"]
[Site "Jastrzebia Gora"]
[Date "2018.09.05"]
[Round "5.10"]
[White "Guzik, Jolanta"]
[Black "Weglarz, Joanna"]
[Result "1/2-1/2"]
[WhiteElo "1992"]
[BlackElo "1942"]
[PlyCount "60"]
[EventDate "2018.09.01"]
[EventType "team-swiss"]
[EventRounds "9"]
[EventCountry "POL"]
[SourceTitle "CBM 186 Extra"]
[Source "ChessBase"]
[SourceDate "2018.08.24"]
[SourceVersion "1"]
[SourceVersionDate "2018.08.24"]
[SourceQuality "1"]
[WhiteTeam "Jaworzno"]
[BlackTeam "Znin Baszta"]
[WhiteTeamCountry "POL"]
[BlackTeamCountry "POL"]

1. d4 d5 2. c4 e6 3. Nc3 Be7 4. Nf3 Nf6 5. Qc2 0-0 6. Bg5 b6 7. e3 Bb7 8. Be2 Nbd7 9. 0-0 Rc8 10. Rfd1 c5 11. Rac1 cxd4 12. Nxd4 a6 13. cxd5 Nxd5 14. Bxe7 Qxe7 15. Nxd5 exd5 16. Qf5 g6 17. Qf4 Ne5 18. h4 h5 19. g3 Rc5 20. Nb3 Rxc1 21. Rxc1 Rc8 22. Rxc8+ Bxc8 23. Qd4 Qe6 24. Qc3 Nc6 25. Bf3 Bb7 26. Nd4 Nxd4 27. Qxd4 Qc6 28. Kg2 Qe6 29. a3 Qc6 30. Bd1 Qe6 1/2-1/2

[Event "POL-chT 1st League"]
[Site "Poronin"]
[Date "2017.09.10"]
[Round "9.2"]
[White "Weglarz, Joanna"]
[Black "Szelag, Zuzanna"]
[Result "1-0"]
[WhiteElo "1939"]
[BlackElo "1835"]
[PlyCount "95"]
[EventDate "2017.09.02"]
[EventType "team-tourn"]
[EventRounds "9"]
[EventCountry "POL"]
[SourceTitle "CBM 180 Extra"]
[Source "ChessBase"]
[SourceDate "2017.10.06"]
[SourceVersion "1"]
[SourceVersionDate "2017.10.06"]
[SourceQuality "1"]
[WhiteTeam "Znin Baszta"]
[BlackTeam "Chrobry Gniezno"]
[WhiteTeamCountry "POL"]
[BlackTeamCountry "POL"]

1. e4 c5 2. Nf3 d6 3. d4 cxd4 4. Nxd4 Nf6 5. Nc3 a6 6. Be2 e5 7. Nb3 Be7 8. Bg5 0-0 9. Bxf6 Bxf6 10. Qd3 Be6 11. Rd1 Be7 12. Nd5 Bxd5 13. Qxd5 Nc6 14. c3 Rc8 15. 0-0 b5 16. Nd2 Qb6 17. a4 b4 18. Nc4 Qc7 19. Ne3 a5 20. Ba6 Rcd8 21. Qc4 Qb6 22. Bb5 Na7 23. Nd5 Qb7 24. Ba6 Qd7 25. cxb4 axb4 26. Qxb4 Bg5 27. Nb6 Qc6 28. Rd3 Be7 29. Rc3 Qe8 30. Nd5 Rb8 31. Qc4 Bd8 32. b3 Kh8 33. Nc7 Qe7 34. Nd5 Qe8 35. Rfc1 f5 36. exf5 Rxf5 37. Qe4 Qh5 38. Qe3 Qf7 39. Rd1 Bg5 40. Qe2 Bd8 41. b4 e4 42. Qxe4 Rxf2 43. Bd3 Qh5 44. Kxf2 Bh4+ 45. g3 Rf8+ 46. Kg2 Bd8 47. Nf4 Qh6 48. Rf1 1-0

[Event "POL-chT 1st League"]
[Site "Poronin"]
[Date "2017.09.06"]
[Round "5.2"]
[White "Pacuszka, Wioletta"]
[Black "Weglarz, Joanna"]
[Result "1/2-1/2"]
[WhiteElo "1919"]
[BlackElo "1939"]
[PlyCount "60"]
[EventDate "2017.09.02"]
[EventType "team-tourn"]
[EventRounds "9"]
[EventCountry "POL"]
[SourceTitle "CBM 180 Extra"]
[Source "ChessBase"]
[SourceDate "2017.10.06"]
[SourceVersion "1"]
[SourceVersionDate "2017.10.06"]
[SourceQuality "1"]
[WhiteTeam "Grudziadz Rotmistrz"]
[BlackTeam "Znin Baszta"]
[WhiteTeamCountry "POL"]
[BlackTeamCountry "POL"]

1. e4 c5 2. Nf3 d6 3. d4 cxd4 4. Qxd4 Nc6 5. Bb5 Qa5+ 6. Nc3 Qxb5 7. Nxb5 Nxd4 8. Nfxd4 Kd8 9. Be3 Nf6 10. f3 Bd7 11. Nc3 Rc8 12. 0-0-0 a6 13. Kb1 e6 14. Rd3 Be7 15. Nb3 Kc7 16. Rhd1 Bc6 17. Bf4 Rhd8 18. Na5 b5 19. e5 dxe5 20. Bxe5+ Kb6 21. Rxd8 Rxd8 22. Rxd8 Bxd8 23. Nxc6 Kxc6 24. Kc1 g6 25. Kd2 Nd5 26. Nxd5 Kxd5 27. Bc3 e5 28. Kd3 Bb6 29. Bd2 Bg1 30. h3 Bb6 1/2-1/2

[Event "POL-chT 1st League"]
[Site "Poronin"]
[Date "2016.09.07"]
[Round "5.4"]
[White "Dmochowska, Agnieszka"]
[Black "Weglarz, Joanna"]
[Result "1-0"]
[WhiteElo "1995"]
[BlackElo "1986"]
[PlyCount "41"]
[EventDate "2016.09.03"]
[EventType "team-tourn"]
[EventRounds "9"]
[EventCountry "POL"]
[SourceTitle "CBM 174 Extra"]
[Source "ChessBase"]
[SourceDate "2016.10.10"]
[SourceVersion "1"]
[SourceVersionDate "2016.10.10"]
[SourceQuality "1"]
[WhiteTeam "Gliwice Akademia Szachowa"]
[BlackTeam "Znin Baszta"]
[WhiteTeamCountry "POL"]
[BlackTeamCountry "POL"]

1. e4 c5 2. Nf3 d6 3. d4 cxd4 4. Nxd4 Nf6 5. Nc3 a6 6. Bg5 e6 7. f4 Be7 8. Qf3 Qc7 9. 0-0-0 b5 10. Bxf6 gxf6 11. f5 b4 12. fxe6 bxc3 13. exf7+ Kxf7 14. e5 cxb2+ 15. Kb1 dxe5 16. Qd5+ Kg7 17. Bc4 Rf8 18. Rd3 exd4 19. Rg3+ Kh6 20. Qxd4 f5 21. Qg7+ 1-0

[Event "POL-chT 1st League"]
[Site "Poronin"]
[Date "2016.09.05"]
[Round "3.5"]
[White "Mareckova, Martina"]
[Black "Weglarz, Joanna"]
[Result "1-0"]
[WhiteElo "2173"]
[BlackElo "1986"]
[PlyCount "107"]
[EventDate "2016.09.03"]
[EventType "team-tourn"]
[EventRounds "9"]
[EventCountry "POL"]
[SourceTitle "CBM 174 Extra"]
[Source "ChessBase"]
[SourceDate "2016.10.10"]
[SourceVersion "1"]
[SourceVersionDate "2016.10.10"]
[SourceQuality "1"]
[WhiteTeam "Pawlowice Gminy"]
[BlackTeam "Znin Baszta"]
[WhiteTeamCountry "POL"]
[BlackTeamCountry "POL"]

1. e4 c5 2. Nc3 e6 3. g3 Nc6 4. Bg2 Nf6 5. d3 Be7 6. f4 d5 7. e5 Nd7 8. Nf3 b5 9. 0-0 b4 10. Ne2 0-0 11. c4 bxc3 12. bxc3 Rb8 13. Qc2 Ba6 14. Rd1 Qc7 15. Bd2 Rb6 16. Rab1 Rfb8 17. Rxb6 Qxb6 18. Ne1 Qb2 19. Rc1 Qxc2 20. Rxc2 Rb1 21. Kf2 c4 22. d4 Bb5 23. Rc1 Rb2 24. Rc2 Rxc2 25. Nxc2 a5 26. f5 Nb6 27. Nf4 Nd8 28. Ne3 Na8 29. fxe6 fxe6 30. Nfxd5 Ba3 31. Nc2 Bf8 32. Ne7+ Bxe7 33. Bxa8 Nc6 34. Ne3 Nb8 35. Be4 Nd7 36. h4 h6 37. Ng2 Bd8 38. Nf4 Nf8 39. Bf3 Ba4 40. Be2 Bb5 41. Be3 Kf7 42. Bg4 Ba4 43. Bf3 Bc7 44. Bc1 Bd7 45. Ba3 Nh7 46. Bh5+ Kg8 47. Ng6 Bd8 48. Bc5 Ba4 49. Nf4 Bd7 50. Be2 g5 51. Ng2 Bb5 52. h5 Nf8 53. Bxf8 Kxf8 54. Ne3 1-0

[Event "POL-chT 2nd League"]
[Site "Jastrzebia Gora"]
[Date "2015.09.11"]
[Round "7.6"]
[White "Kulon, Klaudia"]
[Black "Weglarz, Joanna"]
[Result "1-0"]
[WhiteElo "2250"]
[BlackElo "2004"]
[PlyCount "53"]
[EventDate "2015.09.05"]
[EventType "team-swiss"]
[EventRounds "9"]
[EventCountry "POL"]
[SourceTitle "EXT 2017"]
[Source "ChessBase"]
[SourceDate "2016.10.25"]
[SourceVersion "1"]
[SourceVersionDate "2016.10.25"]
[SourceQuality "1"]
[WhiteTeam "Kopernik WKS"]
[BlackTeam "Znin Baszta II"]
[WhiteTeamCountry "POL"]
[BlackTeamCountry "POL"]

1. c4 Nf6 2. g3 c5 3. Bg2 d5 4. cxd5 Nxd5 5. Nc3 Nc7 6. Nf3 Nc6 7. 0-0 e5 8. d3 Be7 9. Be3 0-0 10. Nd2 Bd7 11. Rc1 Rc8 12. a3 b6 13. Nc4 f6 14. Ne4 Be8 15. f4 Nd5 16. Bd2 exf4 17. gxf4 Bf7 18. Kh1 f5 19. Ng3 Qd7 20. e4 Nf6 21. Ne5 Nxe5 22. fxe5 Ng4 23. Rxf5 Qxd3 24. Bf1 Qd7 25. Qxg4 Qxd2 26. Rxf7 Rxf7 27. Rd1 1-0

[Event "POL-chT 2nd League"]
[Site "Jastrzebia Gora"]
[Date "2015.09.07"]
[Round "3.12"]
[White "Weglarz, Joanna"]
[Black "Bednarska, Malgorzata"]
[Result "1/2-1/2"]
[WhiteElo "2004"]
[BlackElo "2052"]
[PlyCount "64"]
[EventDate "2015.09.05"]
[EventType "team-swiss"]
[EventRounds "9"]
[EventCountry "POL"]
[SourceTitle "EXT 2017"]
[Source "ChessBase"]
[SourceDate "2016.10.25"]
[SourceVersion "1"]
[SourceVersionDate "2016.10.25"]
[SourceQuality "1"]
[WhiteTeam "Znin Baszta II"]
[BlackTeam "Warszawa YMCA"]
[WhiteTeamCountry "POL"]
[BlackTeamCountry "POL"]

1. Nf3 Nf6 2. d4 e6 3. c4 d5 4. Nc3 c6 5. e3 Nbd7 6. Be2 a6 7. c5 Qc7 8. b4 e5 9. dxe5 Nxe5 10. Bb2 Nxf3+ 11. Bxf3 Be7 12. 0-0 0-0 13. a3 Bf5 14. Ne2 Rfe8 15. Ng3 Bg6 16. Re1 Rad8 17. Qd4 Bf8 18. Rad1 Ne4 19. Bxe4 Bxe4 20. Qc3 Bg6 21. Rd4 Ra8 22. e4 dxe4 23. Nxe4 Bxe4 24. Rdxe4 Rxe4 25. Rxe4 Rd8 26. Rd4 h6 27. Rxd8 Qxd8 28. g3 Qd1+ 29. Kg2 Qd5+ 30. Kg1 Qd1+ 31. Kg2 Qd5+ 32. Kg1 Qd1+ 1/2-1/2

[Event "POL-chT 2nd League"]
[Site "Szczyrk"]
[Date "2014.09.12"]
[Round "7.36"]
[White "Weglarz, Joanna"]
[Black "Chrzaszcz, Malvina"]
[Result "0-1"]
[WhiteElo "2004"]
[BlackElo "2030"]
[PlyCount "48"]
[EventDate "2014.09.06"]
[EventType "team-swiss"]
[EventRounds "9"]
[EventCountry "POL"]
[SourceTitle "EXT 2015"]
[Source "ChessBase"]
[SourceDate "2014.11.20"]
[SourceVersion "1"]
[SourceVersionDate "2014.11.20"]
[SourceQuality "1"]
[WhiteTeam "Znin Baszta II"]
[BlackTeam "Myslenice MLKSz"]
[WhiteTeamCountry "POL"]
[BlackTeamCountry "POL"]

1. Nf3 d5 2. d4 Nf6 3. Bf4 c5 4. e3 Nc6 5. c3 Qb6 6. Qb3 c4 7. Qc2 Bf5 8. Qc1 e6 9. Nbd2 Qd8 10. Be2 b5 11. 0-0 h6 12. Ne5 Nxe5 13. Bxe5 Nd7 14. Bg3 h5 15. f3 h4 16. Bf2 Qg5 17. Re1 Bd6 18. e4 Bf4 19. Rd1 Bh3 20. Bf1 Bxg2 21. Bxg2 h3 22. Bg3 Bxg3 23. Bf1 Bh4+ 24. Kh1 Bf2 0-1

[Event "POL-chT 2nd League"]
[Site "Szczyrk"]
[Date "2014.09.11"]
[Round "6.48"]
[White "Korosciel, Aneta"]
[Black "Weglarz, Joanna"]
[Result "1/2-1/2"]
[WhiteElo "2060"]
[BlackElo "2004"]
[PlyCount "144"]
[EventDate "2014.09.06"]
[EventType "team-swiss"]
[EventRounds "9"]
[EventCountry "POL"]
[SourceTitle "EXT 2015"]
[Source "ChessBase"]
[SourceDate "2014.11.20"]
[SourceVersion "1"]
[SourceVersionDate "2014.11.20"]
[SourceQuality "1"]
[WhiteTeam "Radkow Giecek"]
[BlackTeam "Znin Baszta II"]
[WhiteTeamCountry "POL"]
[BlackTeamCountry "POL"]

1. e4 c5 2. Nf3 Nc6 3. Bb5 g6 4. 0-0 Bg7 5. c3 e5 6. Re1 Nge7 7. d3 0-0 8. Be3 d6 9. Nbd2 h6 10. Nf1 a6 11. Bxc6 Nxc6 12. d4 b6 13. dxe5 dxe5 14. Qc1 Kh7 15. Rd1 Qc7 16. b4 c4 17. a4 Bd7 18. Bxb6 Qxb6 19. Rxd7 f5 20. exf5 e4 21. fxg6+ Kg8 22. a5 Qb5 23. Nh4 Ne5 24. Rd2 Nd3 25. Qc2 Nxb4 26. Qc1 Nd3 27. Qa3 Qg5 28. g3 Qf6 29. Raa2 Qxc3 30. Qxc3 Bxc3 31. Rdc2 Bd4 32. Rxc4 Bxf2+ 33. Kg2 e3 34. Re2 Rae8 35. Rc3 Ne1+ 36. Kh3 Nf3 37. Nxf3 Rxf3 38. Kg2 Rf5 39. Nxe3 Bxe3 40. Rcxe3 Rxe3 41. Rxe3 Rxa5 42. Re6 Ra2+ 43. Kh3 a5 44. Ra6 Kg7 45. g4 Rf2 46. Kg3 Rf6 47. Rxa5 Kxg6 48. h4 Rb6 49. Re5 Rb1 50. Re6+ Kg7 51. Re4 Rh1 52. Re2 Rf1 53. Rf2 Rh1 54. Re2 Rf1 55. Re5 Kg6 56. h5+ Kg7 57. Re7+ Kg8 58. Re6 Kg7 59. Re7+ Kg8 60. Re3 Kg7 61. Rf3 Ra1 62. Re3 Rf1 63. Rf3 Ra1 64. Rb3 Rf1 65. Rb7+ Kg8 66. Rb5 Kg7 67. Rf5 Ra1 68. Kf4 Ra4+ 69. Kg3 Ra3+ 70. Kf4 Ra4+ 71. Kg3 Ra3+ 72. Kf4 Ra4+ 1/2-1/2

[Event "POL-chT 2nd League"]
[Site "Lazy"]
[Date "2012.09.08"]
[Round "8"]
[White "Golek, Jagoda"]
[Black "Weglarz, Joanna"]
[Result "1/2-1/2"]
[WhiteElo "2061"]
[BlackElo "2007"]
[PlyCount "80"]
[EventDate "2012.09.01"]
[EventType "team-swiss"]
[EventRounds "9"]
[EventCountry "POL"]
[SourceTitle "EXT 2019"]
[Source "ChessBase"]
[SourceDate "2018.10.10"]
[SourceVersion "1"]
[SourceVersionDate "2018.10.10"]
[SourceQuality "1"]
[WhiteTeam "Gniezno LKS Chrobry"]
[BlackTeam "Znin Baszta II"]
[WhiteTeamCountry "POL"]
[BlackTeamCountry "POL"]

1. e4 c5 2. Nf3 Nc6 3. Bb5 d6 4. 0-0 Bd7 5. Re1 e6 6. c3 Nf6 7. Bf1 Be7 8. d3 0-0 9. Nbd2 b5 10. d4 cxd4 11. Nxd4 Nxd4 12. cxd4 Qb6 13. Nf3 Rac8 14. Bd3 Bc6 15. Bg5 Rfe8 16. Rc1 Bb7 17. Qe2 a6 18. h3 g6 19. Bb1 Rxc1 20. Rxc1 Rc8 21. Rxc8+ Bxc8 22. Be3 Qc6 23. Qc2 Bb7 24. Nd2 Nd7 25. Qxc6 Bxc6 26. Bd3 Bd8 27. Kf1 Kf8 28. Ke2 Nb6 29. b3 Ke7 30. f3 Nd7 31. Nb1 Ba5 32. Bd2 Bxd2 33. Kxd2 Kd8 34. Nc3 Nf6 35. Ne2 Kc7 36. Kc3 Kb6 37. a3 Nd7 38. Bc2 Kc7 39. Nc1 Nf6 40. Ne2 Kb6 1/2-1/2

[Event "POL-chT 2nd League"]
[Site "Lazy"]
[Date "2012.09.05"]
[Round "5"]
[White "Weglarz, Joanna"]
[Black "Filipek, Halina"]
[Result "1-0"]
[WhiteElo "2007"]
[BlackElo "1760"]
[PlyCount "55"]
[EventDate "2012.09.01"]
[EventType "team-swiss"]
[EventRounds "9"]
[EventCountry "POL"]
[SourceTitle "EXT 2019"]
[Source "ChessBase"]
[SourceDate "2018.10.10"]
[SourceVersion "1"]
[SourceVersionDate "2018.10.10"]
[SourceQuality "1"]
[WhiteTeam "Znin Baszta II"]
[BlackTeam "Grudziadz Rotmistrz"]
[WhiteTeamCountry "POL"]
[BlackTeamCountry "POL"]

1. Nf3 d5 2. d4 Nf6 3. Bf4 e6 4. e3 Be7 5. Bd3 c5 6. dxc5 Qa5+ 7. Nc3 Bd7 8. 0-0 Qxc5 9. Ne5 a6 10. Ne2 Bb5 11. Nd4 Bc6 12. Rc1 Qb6 13. Qd2 Nh5 14. c3 Nd7 15. Qe2 Nxf4 16. exf4 Nxe5 17. fxe5 g6 18. Qd2 h6 19. b3 Bc5 20. Qf4 Be7 21. Rfe1 Bg5 22. Qf3 Bxc1 23. Qf6 Rf8 24. Nxe6 Ba3 25. Nxf8 Qd8 26. Nh7 Be7 27. Qf4 h5 28. Nf6+ 1-0

[Event "POL-chT 2nd League"]
[Site "Mrzezyno"]
[Date "2011.09.07"]
[Round "5"]
[White "Weglarz, Joanna"]
[Black "Filipek, Halina"]
[Result "1-0"]
[WhiteElo "1992"]
[BlackElo "1729"]
[PlyCount "43"]
[EventDate "2011.09.03"]
[EventType "team-swiss"]
[EventRounds "9"]
[EventCountry "POL"]
[SourceTitle "EXT 2015"]
[Source "ChessBase"]
[SourceDate "2014.11.20"]
[SourceVersion "1"]
[SourceVersionDate "2014.11.20"]
[SourceQuality "1"]
[WhiteTeam "Znin Baszta II"]
[BlackTeam "Grudziadz Rotmistrz II"]
[WhiteTeamCountry "POL"]
[BlackTeamCountry "POL"]

1. Nf3 d5 2. d4 Nf6 3. Bf4 e6 4. e3 Be7 5. Bd3 0-0 6. Ne5 Nbd7 7. 0-0 Ne4 8. Nd2 Nxd2 9. Qxd2 Nxe5 10. Bxe5 Bd6 11. Bxd6 Qxd6 12. c4 dxc4 13. Bxc4 Bd7 14. Rac1 Bc6 15. b4 Bd5 16. Bxd5 Qxd5 17. Rxc7 Rac8 18. Rfc1 Rxc7 19. Rxc7 Rd8 20. Qc2 Qh5 21. Rc8 Qg5 22. Qc7 1-0

[Event "POL-chT 1st League"]
[Site "Katowice"]
[Date "2010.09.05"]
[Round "2"]
[White "Weglarz, Joanna"]
[Black "Cagara, Paulina"]
[Result "1/2-1/2"]
[WhiteElo "2037"]
[BlackElo "2070"]
[PlyCount "63"]
[EventDate "2010.09.04"]
[EventType "team-tourn"]
[EventRounds "9"]
[EventCountry "POL"]
[SourceTitle "EXT 2019"]
[Source "ChessBase"]
[SourceDate "2018.10.10"]
[SourceVersion "1"]
[SourceVersionDate "2018.10.10"]
[SourceQuality "1"]
[WhiteTeam "Znin Baszta"]
[BlackTeam "Wroclaw AZS Politechnika"]
[WhiteTeamCountry "POL"]
[BlackTeamCountry "POL"]

1. e4 e6 2. d4 d5 3. exd5 exd5 4. Bd3 Nf6 5. h3 Bd6 6. Qf3 c6 7. Ne2 0-0 8. 0-0 Re8 9. Bg5 Nbd7 10. Nd2 h6 11. Bf4 Nf8 12. Bxd6 Qxd6 13. Ng3 Bd7 14. c3 Re7 15. Rae1 Rae8 16. Qd1 Ng6 17. Bxg6 fxg6 18. Rxe7 Rxe7 19. Re1 Rxe1+ 20. Qxe1 Qe6 21. Qb1 Be8 22. Nf3 Nd7 23. Qc2 b5 24. h4 Bf7 25. Qd2 Kf8 26. Qf4 a5 27. Qc7 a4 28. a3 Be8 29. Kf1 Qf6 30. Ne2 g5 31. hxg5 hxg5 32. Ng3 1/2-1/2

[Event "Rewal op-B 15th"]
[Site "Rewal"]
[Date "2010.08.27"]
[Round "8"]
[White "Bednarski, Dawid"]
[Black "Weglarz, Joanna"]
[Result "1-0"]
[WhiteElo "1926"]
[BlackElo "2037"]
[PlyCount "45"]
[EventDate "2010.08.18"]
[EventType "swiss"]
[EventRounds "9"]
[EventCountry "POL"]
[SourceTitle "EXT 2014"]
[Source "ChessBase"]
[SourceDate "2013.11.20"]
[SourceVersion "1"]
[SourceVersionDate "2013.11.20"]
[SourceQuality "1"]

1. e4 c5 2. Nf3 d6 3. d4 cxd4 4. Nxd4 Nf6 5. Nc3 a6 6. Bg5 e6 7. f4 Be7 8. Qf3 Qc7 9. 0-0-0 Nbd7 10. g4 h6 11. Bxf6 Bxf6 12. h4 Qb6 13. Nb3 Nc5 14. Nxc5 Qxc5 15. e5 dxe5 16. Ne4 Qa5 17. Nd6+ Kf8 18. g5 Be7 19. Nxf7 e4 20. Qh5 Qxa2 21. Nxh8 Qa1+ 22. Kd2 Qa5+ 23. c3 1-0

[Event "Rewal op-B 15th"]
[Site "Rewal"]
[Date "2010.08.27"]
[Round "9"]
[White "Weglarz, Joanna"]
[Black "Grabowski, Jan"]
[Result "1/2-1/2"]
[WhiteElo "2037"]
[BlackElo "1807"]
[PlyCount "25"]
[EventDate "2010.08.18"]
[EventType "swiss"]
[EventRounds "9"]
[EventCountry "POL"]
[SourceTitle "EXT 2014"]
[Source "ChessBase"]
[SourceDate "2013.11.20"]
[SourceVersion "1"]
[SourceVersionDate "2013.11.20"]
[SourceQuality "1"]

1. e4 e6 2. d4 d5 3. exd5 exd5 4. Bd3 Nc6 5. c3 Bd6 6. Ne2 Nge7 7. Bf4 Bf5 8. 0-0 Qd7 9. Bxd6 Qxd6 10. Bxf5 Nxf5 11. Qd3 Nfe7 12. Qg3 Qxg3 13. Nxg3 1/2-1/2

[Event "Rewal op-B 15th"]
[Site "Rewal"]
[Date "2010.08.26"]
[Round "7"]
[White "Weglarz, Joanna"]
[Black "Faron, Rafal"]
[Result "1/2-1/2"]
[WhiteElo "2037"]
[BlackElo "1780"]
[PlyCount "46"]
[EventDate "2010.08.18"]
[EventType "swiss"]
[EventRounds "9"]
[EventCountry "POL"]
[SourceTitle "EXT 2014"]
[Source "ChessBase"]
[SourceDate "2013.11.20"]
[SourceVersion "1"]
[SourceVersionDate "2013.11.20"]
[SourceQuality "1"]

1. e4 c5 2. Nf3 e6 3. c3 a6 4. d4 cxd4 5. cxd4 d6 6. Bd3 Nf6 7. 0-0 Be7 8. Nc3 0-0 9. h3 Nc6 10. Be3 Nb4 11. Bb1 Bd7 12. a3 Nc6 13. Bd3 Rc8 14. Rc1 Na5 15. Qe2 b5 16. e5 Ne8 17. Ne4 d5 18. Rxc8 Bxc8 19. Neg5 g6 20. h4 Nc4 21. Bc1 Ng7 22. g4 Bd7 23. Kg2 Qb6 1/2-1/2

[Event "Rewal op-B 15th"]
[Site "Rewal"]
[Date "2010.08.25"]
[Round "6"]
[White "Korcz, Daniel"]
[Black "Weglarz, Joanna"]
[Result "0-1"]
[WhiteElo "1848"]
[BlackElo "2037"]
[PlyCount "48"]
[EventDate "2010.08.18"]
[EventType "swiss"]
[EventRounds "9"]
[EventCountry "POL"]
[SourceTitle "EXT 2014"]
[Source "ChessBase"]
[SourceDate "2013.11.20"]
[SourceVersion "1"]
[SourceVersionDate "2013.11.20"]
[SourceQuality "1"]

1. e4 c5 2. Nf3 d6 3. d4 cxd4 4. Nxd4 Nf6 5. Nc3 a6 6. Be2 e6 7. Be3 Qc7 8. 0-0 b5 9. a3 Bb7 10. Bd3 Be7 11. f4 0-0 12. Qf3 Nc6 13. Nxc6 Bxc6 14. g4 Nd7 15. Qh3 Nc5 16. Bxc5 dxc5 17. e5 h6 18. Be4 b4 19. Qf3 bxc3 20. Bxc6 Rac8 21. Bb7 Rb8 22. Bxa6 cxb2 23. Rab1 c4 24. Kg2 Rb6 0-1

[Event "POL-chT 2nd League"]
[Site "Miedzyzdroje"]
[Date "2009.09.18"]
[Round "7"]
[White "Weglarz, Joanna"]
[Black "Barburzynska, Magdalena"]
[Result "1-0"]
[WhiteElo "2006"]
[BlackElo "1928"]
[PlyCount "117"]
[EventDate "2009.09.12"]
[EventType "team-swiss"]
[EventRounds "9"]
[EventCountry "POL"]
[SourceTitle "EXT 2019"]
[Source "ChessBase"]
[SourceDate "2018.10.10"]
[SourceVersion "1"]
[SourceVersionDate "2018.10.10"]
[SourceQuality "1"]
[WhiteTeam "Znin Baszta"]
[BlackTeam "Wroclaw Hetman"]
[WhiteTeamCountry "POL"]
[BlackTeamCountry "POL"]

1. e4 c5 2. Nf3 d6 3. Bb5+ Bd7 4. Bxd7+ Qxd7 5. c4 Nc6 6. Nc3 g6 7. d4 cxd4 8. Nxd4 Bg7 9. Be3 Nf6 10. h3 0-0 11. Rc1 Rfc8 12. b3 Qd8 13. 0-0 Nd7 14. Qd2 Nc5 15. Rfd1 a5 16. Ndb5 Nb4 17. f3 b6 18. Nd5 Nbd3 19. Rb1 Ne5 20. Qe2 Nc6 21. f4 Na7 22. Bxc5 Rxc5 23. Nxa7 Rxa7 24. e5 Kh8 25. Nc3 Rc8 26. Nb5 Rd7 27. exd6 exd6 28. Rd5 Kg8 29. Rbd1 Bf8 30. Qd2 Rc5 31. Nc3 Qh4 32. Qf2 Qd8 33. Na4 Rxd5 34. Rxd5 Rb7 35. Rb5 Bg7 36. Kh2 Qe8 37. Rxb6 Re7 38. Rxd6 h6 39. Rd2 Re4 40. Nc5 Rxf4 41. Rd8 Qxd8 42. Qxf4 Qe7 43. Nd3 Qe2 44. Qd6 Qe3 45. Qg3 Qd2 46. c5 Qxa2 47. c6 Qa1 48. c7 Qc3 49. Qd6 Kh7 50. Qf4 f5 51. Qc4 Be5+ 52. Nxe5 Qxe5+ 53. Kg1 Qe1+ 54. Qf1 Qc3 55. Qf4 Qe1+ 56. Kh2 Qe6 57. Qc1 Qc8 58. Qc5 Kg7 59. Qe7+ 1-0

[Event "Rewal op-B 14th"]
[Site "Rewal"]
[Date "2009.08.29"]
[Round "9"]
[White "Janus, Przemyslaw"]
[Black "Weglarz, Joanna"]
[Result "1/2-1/2"]
[WhiteElo "2077"]
[BlackElo "2006"]
[PlyCount "82"]
[EventDate "2009.08.20"]
[EventType "swiss"]
[EventRounds "9"]
[EventCountry "POL"]
[SourceTitle "EXT 2011"]
[Source "ChessBase"]
[SourceDate "2010.11.26"]
[SourceVersion "1"]
[SourceVersionDate "2010.11.26"]
[SourceQuality "1"]

1. d4 d5 2. c4 e6 3. Nc3 Nf6 4. Bg5 Be7 5. Nf3 0-0 6. e3 a6 7. a4 b6 8. Rc1 Bb7 9. cxd5 exd5 10. Bd3 h6 11. Bh4 Nbd7 12. 0-0 c5 13. Ne5 Rc8 14. f4 Ne4 15. Bxe4 dxe4 16. Bxe7 Qxe7 17. Nxd7 Qxd7 18. dxc5 Qxd1 19. Rfxd1 Rxc5 20. Rd6 Bc6 21. Rcd1 f5 22. Rd8 b5 23. axb5 Bxb5 24. R1d5 Rxd8 25. Rxd8+ Kf7 26. Kf2 Bc4 27. g4 Ke7 28. Rb8 fxg4 29. Nxe4 Rh5 30. Kg1 Rh3 31. Ng3 h5 32. Rb7+ Kf8 33. e4 g6 34. Rc7 h4 35. Nh1 Bb5 36. Nf2 Rf3 37. Nxg4 Rxf4 38. Nf2 Rf3 39. Kg2 Rb3 40. Rc2 Re3 41. Rd2 Ke7 1/2-1/2

[Event "Rewal op-B 14th"]
[Site "Rewal"]
[Date "2009.08.27"]
[Round "7"]
[White "Weglarz, Joanna"]
[Black "Dobrowolski, Marcin"]
[Result "1/2-1/2"]
[WhiteElo "2006"]
[BlackElo "1948"]
[PlyCount "72"]
[EventDate "2009.08.20"]
[EventType "swiss"]
[EventRounds "9"]
[EventCountry "POL"]
[SourceTitle "EXT 2011"]
[Source "ChessBase"]
[SourceDate "2010.11.26"]
[SourceVersion "1"]
[SourceVersionDate "2010.11.26"]
[SourceQuality "1"]

1. e4 d6 2. d4 g6 3. Bd3 Bg7 4. Ne2 Nf6 5. 0-0 0-0 6. h3 c5 7. c3 cxd4 8. Nxd4 Nc6 9. Be3 e5 10. Nxc6 bxc6 11. c4 Nh5 12. Qd2 Nf4 13. Nc3 Qg5 14. Bxf4 exf4 15. Kh2 Be5 16. f3 Rb8 17. Qf2 Be6 18. Rab1 Rb6 19. Rfc1 Qf6 20. Qe1 g5 21. Kg1 h5 22. Kf1 Bd4 23. Ke2 Rfb8 24. b3 Be3 25. Rc2 g4 26. hxg4 hxg4 27. Nd1 Bc5 28. Kd2 Bb4+ 29. Nc3 Kg7 30. Qe2 Rh8 31. Rf1 Qg5 32. Kc1 Rh2 33. Kb2 gxf3 34. Qxf3 Rh4 35. Ne2 Qe5+ 36. Kb1 d5 1/2-1/2